| 000 | 00699nam a2200205 i 4500 | ||
|---|---|---|---|
| 001 | 32210 | ||
| 003 | ES-MaACL | ||
| 005 | 20250809030229.0 | ||
| 007 | t| | ||
| 008 | 100109s1956 sp ||||1| spa d | ||
| 245 | 0 | 0 |
_aLegislación social vigente. _pReglamentación nacional del trabajo en las industrias siderometalúrgicas... |
| 250 | _a3ª ed. | ||
| 260 |
_aBarcelona : _bLegislación Social Vigente, _c1956. |
||
| 300 |
_a1 vol. (pag. var.) ; _c21 cm. |
||
| 500 | _aHojas cambiables. | ||
| 650 | 4 |
_aTrabajadores de la industria siderúrgica- _xEstatuto jurídico- _zEspaña. _9165906 |
|
| 650 | 0 | 4 |
_aDerecho laboral- _zEspaña _911726 |
| 852 |
_aES-MaACL _jP-246-6 |
||
| 999 |
_c32210 _d32210 |
||